000 00291nam a22001337a 4500
020 _a 978-1855736757
041 _aENG
100 _aAhvenaine .R
245 _aNovel Food Packaging Techbniques
260 _aDelhi
_bCRC
_c2003
300 _a590
650 _aAPE
856 _uAPE (03 )
999 _c1742
_d1742